Research Anthology on Child and Domestic Abuse and Its Prevention / (Record no. 52490)
[ view plain ]
| 000 -LEADER | |
|---|---|
| fixed length control field | 00667nam a22002177a 4500 |
| 003 - CONTROL NUMBER IDENTIFIER | |
| control field | OSt |
| 008 - FIXED-LENGTH DATA ELEMENTS--GENERAL INFORMATION | |
| fixed length control field | 260629b |||||||| |||| 00| 0 eng d |
| 020 ## - INTERNATIONAL STANDARD BOOK NUMBER | |
| International Standard Book Number | 9781668459744 |
| 082 ## - DEWEY DECIMAL CLASSIFICATION NUMBER | |
| Classification number | 362.8292 |
| Item number | I43R |
| 100 ## - MAIN ENTRY--PERSONAL NAME | |
| Personal name | IRMA |
| 245 ## - TITLE STATEMENT | |
| Title | Research Anthology on Child and Domestic Abuse and Its Prevention / |
| Statement of responsibility, etc. | by Information Resources Management Association |
| 260 ## - PUBLICATION, DISTRIBUTION, ETC. (IMPRINT) | |
| Place of publication, distribution, etc | .- USA |
| Name of publisher, distributor, etc | : IGI Global |
| Date of publication, distribution, etc | , 2022 |
| 300 ## - PHYSICAL DESCRIPTION | |
| Extent | vol.- l, (xxii,470); vol.- ll, (xxii,471-976)p. |
| 365 ## - TRADE PRICE | |
| Price note | 50374.35 |
| 650 ## - SUBJECT ADDED ENTRY--TOPICAL TERM | |
| Topical term or geographic name as entry element | Social Sciences |
| 650 ## - SUBJECT ADDED ENTRY--TOPICAL TERM | |
| Topical term or geographic name as entry element | Social Problems and Services |
| 650 ## - SUBJECT ADDED ENTRY--TOPICAL TERM | |
| Topical term or geographic name as entry element | Child Abuse |
| 650 ## - SUBJECT ADDED ENTRY--TOPICAL TERM | |
| Topical term or geographic name as entry element | Domestic Abuse |
| 650 ## - SUBJECT ADDED ENTRY--TOPICAL TERM | |
| Topical term or geographic name as entry element | Family Violence |
| 942 ## - ADDED ENTRY ELEMENTS (KOHA) | |
| Source of classification or shelving scheme | |
| Koha item type | Reference Books |
| Withdrawn status | Lost status | Source of classification or shelving scheme | Damaged status | Not for loan | Home library | Current library | Shelving location | Date acquired | Source of acquisition | Cost, normal purchase price | Full call number | Barcode | Date last seen | Bill Date | Koha item type | Public note | Bill Number |
|---|---|---|---|---|---|---|---|---|---|---|---|---|---|---|---|---|---|
| Dr. Rajendra Prasad Central Agricultural University Pusa, | Dr. Rajendra Prasad Central Agricultural University Pusa, | Reference | 29/06/2026 | TTPP, New Delhi | 25187.00 | 362.8292 I43R | 87668 | 29/06/2026 | 29/01/2026 | Reference Books | Volume- l | IN-00449 | |||||
| Dr. Rajendra Prasad Central Agricultural University Pusa, | Dr. Rajendra Prasad Central Agricultural University Pusa, | Reference | 29/06/2026 | TTPP, New Delhi | 25187.00 | 362.8292 I43R | 87669 | 29/06/2026 | 29/01/2026 | Reference Books | Volume- ll | IN-00449 |